000 00487nam a2200193Ia 4500
008 170918s9999 xx 000 0 und d
020 _a1840185090
050 _bS864on 2000
100 _aStockins, Jimmy
245 _aOn the cobbles :
245 _bthe life of a bare-knuckle gypsy warrior /
245 _cby Jimmy Stockins.
260 _aGreat Britain :
260 _bMainstream,
260 _c2000
300 _a206 pages :
300 _billustrations ;
300 _c19cm.
999 _c343442
_d343442